zpět

Detail výsledku týmu

Hospoda U Stolínů, Nový Bydžov

Datum a čas kvízu

26.5 Celkem bodů Celkový počet nahraných bodů na tomto kvízu bez doplňovacích otázek.
6. Pořadí na kvízu Konečné umístění týmu na tomto kvízu.

Zaznamenané odpovědi

# Otázka Odpověď Body Výsledky
1. Pražští zastupitelé schválili... luskoun 0
2. Americký týdeník Time zveřejni... Greta Thunbergová 1
3. Nejvíce nominací na Zlaté glób... Scarlett Johanssonová, Adam Driver 0
4. Společnost Walmart se omluvila... propagace užívání drog 0
5. Síň slávy českého hokeje rozší... Milan Hejduk, Jiří Šlégr 1
6. Plzeňské Odumřelé buňky se v l... vchod 1
7. "Šaty s ___ ___ vyšívané, ale... vlečkou stříbrem 0.5
8. Ty knedlíky připomínají vajíčk... karety obrovské 1
9. „Prase počká. Ty jsi přednější... Pandrholo 0
10. "Žvejka to je hrozný hnus, žve... Willy Wonka 0